World of facts 2007 (Record no. 7024)
[ view plain ]
| 000 -LEADER | |
|---|---|
| fixed length control field | 00211nam a22000857a 4500 |
| 008 - FIXED-LENGTH DATA ELEMENTS--GENERAL INFORMATION | |
| fixed length control field | 170622b xxu||||| |||| 00| 0 eng d |
| 100 ## - MAIN ENTRY--PERSONAL NAME | |
| 9 (RLIN) | 3633 |
| Personal name | Ash. R |
| 245 ## - TITLE STATEMENT | |
| Title | World of facts 2007 |
| 260 ## - PUBLICATION, DISTRIBUTION, ETC. (IMPRINT) | |
| Place of publication, distribution, etc. | India |
| Name of publisher, distributor, etc. | A. B. C. B |
| Date of publication, distribution, etc. | 2006 |
| Withdrawn status | Lost status | Source of classification or shelving scheme | Damaged status | Koha normalized classification for sorting | Not for loan | Home library | Current library | Shelving location | Date acquired | Total Checkouts | Full call number | Barcode | Date last seen | Price effective from | Koha item type | Date last checked out |
|---|---|---|---|---|---|---|---|---|---|---|---|---|---|---|---|---|
| Dewey Decimal Classification | 030_000000000000000 | Good Samaritan School Library | Good Samaritan School Library | GENERAL | 06/22/2017 | 030 | ASH7652 | 06/22/2017 | 06/22/2017 | BOOK | ||||||
| Dewey Decimal Classification | 030_000000000000000 | Good Samaritan School Library | Good Samaritan School Library | GENERAL | 06/22/2017 | 1 | 030 | ASH7653 | 07/13/2022 | 06/22/2017 | BOOK | 05/02/2022 |